[Event "Vaxjo op"]
[Site "Vaxjo"]
[Date "2023.02.10"]
[Round "1"]
[White "Wagner, Stephan"]
[Black "Nyberg, Peter"]
[Result "1-0"]
[WhiteElo "2264"]
[BlackElo "1771"]
[PlyCount "81"]
[EventDate "2023.02.10"]
[EventType "swiss"]
[EventRounds "8"]
[EventCountry "SWE"]
[SourceTitle "CBM 212 Extra"]
[Source "ChessBase"]
[SourceDate "2023.03.31"]
[SourceVersion "1"]
[SourceVersionDate "2023.03.31"]
[SourceQuality "1"]

1. c4 c6 2. Nf3 d5 3. e3 Nf6 4. b3 g6 5. Bb2 Bg7 6. Nc3 Bg4 7. h3 Bxf3 8. Qxf3 0-0 9. d4 Qa5 10. Bd3 Nbd7 11. 0-0 e5 12. Qd1 e4 13. Be2 Rfe8 14. a3 Nf8 15. b4 Qd8 16. b5 Ne6 17. Qa4 cxb5 18. Qxb5 Nc7 19. Qb3 Re6 20. cxd5 Ncxd5 21. Nxd5 Nxd5 22. Bc4 Rd6 23. a4 Rb6 24. Qa2 Nb4 25. Qb1 Rc8 26. Rc1 Rbc6 27. Bb5 Rc2 28. Rxc2 Nxc2 29. Ra2 Bf8 30. Bc1 Qc7 31. Bd2 a6 32. Bf1 Qc6 33. a5 Bd6 34. Rb2 Rc7 35. Rb6 Qd7 36. Qb3 Na3 37. Qd5 Rc6 38. Qxe4 Rxb6 39. axb6 Nb5 40. Be2 Kg7 41. Bf3 1-0